000 00744nam a2200229 a 4500
001 48858
003 BD-RjUL
005 20211209054610.0
008 160816s1964 bg ||||| |||| 00| j ben d
020 _c: Tk. 3.00
035 _a(BD-RjUL) 48977
040 _aBD-RjUL
_bben
_cBD-RjUL
041 _aben
082 _223
_a891.443
_bALM 1964
100 1 _aআলম, মাহবুবউল
_9147242
245 1 0 _aমফিজন /
_cমাহবুবউল আলম
260 _aচট্টগ্রাম :
_bমাহবুবউল আলম,
_c১৯৬৪
300 _a৪২ পৃ. ;
_c২১ সেমি.
650 _aবাংলা উপন্যাস
_9147243
650 _aBengali Fiction
_9147244
942 _2ddc
_cBK
999 _c48858
_d48858